| 000 | 00622nam a2200181 a 4500 | ||
|---|---|---|---|
| 001 | 000041299 | ||
| 005 | 20201002034752.0 | ||
| 008 | 130930s1985 mx c 001 0 spa d | ||
| 020 | _a9688100986 | ||
| 040 |
_aDO-SdBNP _bspa _cBNPHU |
||
| 082 |
_axxx _bxxxx |
||
| 245 | 0 | 0 |
_aMéxico y España durante la revolución mexicana. / _ccompilación, Carlos Illades. |
| 260 |
_aMéxico : _bSecretaria de Relaciones exteriores, _c1985. |
||
| 300 |
_a243 p. : _bretr. ; _c23 cm. |
||
| 490 | 1 | _aArchivo histórico diplomático Mexicano | |
| 700 | 1 |
_aIllades, Carlos _967916 |
|
| 830 | 0 |
_aArchivo histórico diplomático Mexicano _967917 |
|
| 999 |
_c40789 _d40789 |
||